Geographie nach Bild - S - Statistiken

Allgemein
  • Dieses Quiz wurde 8.730 mal gespielt
  • Das Durchschnittsergebnis liegt bei 12 aus 18
Antwortstatistiken
Bildquiz Hint Antwort % Korrekt
Land Schweiz
96%
Wüste Sahara
94%
Land Schweden
90%
Bundesland Sachsen
89%
Land Spanien
88%
Schifffahrtskanal {Sues}kanal
83%
Landesteil Schottland
73%
Land Somalia
69%
Stadt {San} {Francisco}
66%
Region {Silicon} {Valley}
66%
Stadt Singapur
66%
Gebäude {Sixtinische} Kapelle
66%
Netz von Karawanenstraßen Seidenstraße
58%
Stadt Shanghai
58%
Basilika {Sagrada} {Família}
54%
Insel Santorin
52%
Stadt {Sankt} {Petersburg}
36%
ostafrikanische Region Serengeti
31%
Keine übereinstimmenden Quizze gefunden
Verteilung der Resultate
Anzahl Personen mit jedem Resultat
Perzentil nach korrekt beantworteten Fragen
Ihre Resultats-Entwicklung
Sie haben dieses Quiz noch nicht gespielt